=LDR 00000nam 2200000 4500 =001 INLIS000000000015325 =005 20130612110614 =008 ***********************************979-413-926-2** =035 ##$$0010-061300000015325 =041 ##$$a 979-413-926-2 =082 ##$$a 636.508.9 =090 ##$$a 636.508-9, AKO-m =100 ##$$a Akoso, Dudi Tri =245 ##$$a Manual Kesehatan Unggas, Panduan Bagi Petugas Teknis, Penyuluhan Peternak, Budi Tri Akoso =260 ##$$a 1993 $b Yogyakarta =300 ##$$a 266 hlm, Ilus, 21 cm =650 ##$$a Unggas-Makanan =850 ##$$a NBPNMAT =990 ##$$a 0001/BPAP-NTB/2016 =990 ##$$a 0001/BPAP-NTB/2016 =990 ##$$a 75477547 =990 ##$$a 00052412 =990 ##$$a 00038552 =990 ##$$a 00038553 =990 ##$$a 00051706 =990 ##$$a 0001/BPAP-NTB/2016 =990 ##$$a 0001/BPAP-NTB/2016 =990 ##$$a 01201707547